A socio-legal study on child labour/ (Record no. 193691)

MARC details
000 -LEADER
fixed length control field 00557nam a22001817a 4500
005 - DATE AND TIME OF LATEST TRANSACTION
control field 20221109153306.0
010 ## - LCCN (DPL NO)
LC control number ENG-135639
020 ## - INTERNATIONAL STANDARD BOOK NUMBER
International Standard Book Number 9788190994651
Terms of availability 395.00
035 ## - SYSTEM CONTROL NUMBER
System control number EN-119171
037 ## - SOURCE OF ACQUISITION
Source of stock number/acquisition DBAD/PUB
082 ## - DEWEY DECIMAL CLASSIFICATION NUMBER
Classification number 331.31
100 ## - MAIN ENTRY--PERSONAL NAME
Personal name Patnaik, Binayak
245 ## - TITLE STATEMENT
Title A socio-legal study on child labour/
Statement of responsibility, etc by Binayak Patnaik
260 ## - PUBLICATION, DISTRIBUTION, ETC. (IMPRINT)
Place of publication, distribution, etc Berhampur
Name of publisher, distributor, etc Prabhat Publication
Date of publication, distribution, etc 2010
270 ## - ADDRESS
Address Barracks Square
City Berhampur
Postal code 760001
300 ## - PHYSICAL DESCRIPTION
Extent viii; 168p.
Dimensions 22cm(hbk)
Other physical details Bibliography & Appendix
942 ## - ADDED ENTRY ELEMENTS (KOHA)
Source of classification or shelving scheme Dewey Decimal Classification
Item type English Books
Call number suffix PAT
Classification part 331.31
Holdings
Withdrawn status Lost status Not for loan Collection code Home library Current library Date acquired Source of acquisition Cost, normal purchase price Full call number Barcode Copy number Cost, replacement price Koha item type
      Non-fiction Vinoba Puri Vinoba Puri 09/11/2022 DBAD/PUB 395.00 331.31 PAT EN-119171 1 395.00 English Books

© Delhi Public Library
Hit Counter
free hit counter